| 000 | 00878nam a2200277Ia 4500 | ||
|---|---|---|---|
| 003 | OSt | ||
| 005 | 20221005081146.0 | ||
| 006 | a|||||r|||| 00| 0 | ||
| 007 | ta | ||
| 008 | 221004b |||||||| |||| 00| 0 eng d | ||
| 020 |
_a9788120335455 (pbk) _c295 |
||
| 024 | _a99629 | ||
| 037 |
_b3696, 29/01/2010, Bharat Scientific Syndicate _cTextual |
||
| 040 |
_aCRL _cCRL _beng |
||
| 041 |
_2eng _aeng |
||
| 082 | _aSN1:(X:8), P8 | ||
| 100 | _aHersey Paul | ||
| 245 | 0 |
_aManagement of organizational behaviour _b Leading human resources |
|
| 250 | _a9th | ||
| 260 |
_aNew Delhi _bPrentice Hall of India India _c2008 |
||
| 300 |
_axvi,334p. _ccm. |
||
| 650 | _aPSYCHOLOGY | ||
| 700 | _a Blanchard Kenneth H. | ||
| 942 |
_hSN1:(X:8), P8 _cTEXL _2cc |
||
| 999 |
_c987285 _d987285 |
||